Central American Research Institute for industry (Record no. 698388)

MARC details
000 -LEADER
fixed length control field 00732nam a2200253Ia 4500
003 - CONTROL NUMBER IDENTIFIER
control field OSt
005 - DATE AND TIME OF LATEST TRANSACTION
control field 20220927110927.0
008 - FIXED-LENGTH DATA ELEMENTS--GENERAL INFORMATION
fixed length control field 220926b |||||||| |||| 00| 0 eng d
037 ## - SOURCE OF ACQUISITION
Terms of availability Reports
040 ## - CATALOGING SOURCE
Original cataloging agency RTL
Transcribing agency RTL
Language of cataloging eng
041 ## - LANGUAGE CODE
Source of code eng
Language code of text/sound track or separate title eng
110 ## - MAIN ENTRY--CORPORATE NAME
Corporate name or jurisdiction name as entry element United Nations Development Programme
9 (RLIN) 353392
245 #0 - TITLE STATEMENT
Title Central American Research Institute for industry
260 ## - PUBLICATION, DISTRIBUTION, ETC.
Place of publication, distribution, etc. New
Name of publisher, distributor, etc. York United Nations USA
Date of publication, distribution, etc. 1967
300 ## - PHYSICAL DESCRIPTION
Extent 63p.
Dimensions cm.
650 ## - SUBJECT ADDED ENTRY--TOPICAL TERM
Topical term or geographic name entry element Industrial Economics
700 ## - ADDED ENTRY--PERSONAL NAME
Personal name United Nations Development Programme
9 (RLIN) 353394
942 ## - ADDED ENTRY ELEMENTS (KOHA)
Classification part "X9.75,e4.N60, K7"
Koha item type

No items available.

Copyright @ Delhi University Library System